Potenciál rozvoja kultúrneho cestovného ruchu v Severopovažskom regióne bakalárska práca

Gespeichert in:
Bibliographische Detailangaben
1. Verfasser: Klabníková, Jana
Körperschaft: Obchodná fakulta EU. Katedra služieb a cestovného ruchu - zrušené
Weitere Verfasser: Bažó, Ladislav, 1980-
Format: Buch
Sprache:Slowakisch
Veröffentlicht: Bratislava 2012
Tags: Tag hinzufügen
Keine Tags, Fügen Sie das erste Tag hinzu!

MARC

LEADER 00000nbm a2200000 4500
001 0154372
005 20161109111838.8
041 0 |a slo 
044 |a SK 
245 1 0 |a Potenciál rozvoja kultúrneho cestovného ruchu v Severopovažskom regióne  |b bakalárska práca  |c Jana Klabníková ; školiteľ: Ladislav Bažó 
264 1 |a Bratislava  |c 2012 
300 |a 52 s. 
100 1 |a Klabníková, Jana 
700 1 |a Bažó, Ladislav, 1980- 
710 2 |a Obchodná fakulta EU. Katedra služieb a cestovného ruchu - zrušené